The Post-Colonial Critic: (Record no. 1065)
[ view plain ]
| 000 -LEADER | |
|---|---|
| fixed length control field | 00512nam a2200193Ia 4500 |
| 005 - DATE AND TIME OF LATEST TRANSACTION | |
| control field | 20250312060315.0 |
| 008 - FIXED-LENGTH DATA ELEMENTS--GENERAL INFORMATION | |
| fixed length control field | 240331s9999 xx 000 0 und d |
| 020 ## - INTERNATIONAL STANDARD BOOK NUMBER | |
| ISBN | 0415901707 |
| 082 ## - DDC Classification | |
| Class No. | 301.09 |
| Item Number - Author Mark | SPI |
| DDC Edition Number | 3724 |
| 100 ## - MAIN ENTRY--PERSONAL NAME | |
| Personal name | Spivak, G. C |
| 245 #4 - TITLE STATEMENT | |
| Title | The Post-Colonial Critic: |
| Remainder of title | Interviews, Strategies, Dialogues. |
| 260 ## - PUBLICATION, DISTRIBUTION, ETC. | |
| Place of publication, distribution, etc. | London; |
| -- | New York, |
| Name of publisher, distributor, etc. | Routledge |
| Date of publication, distribution, etc. | 1990 |
| 300 ## - PHYSICAL DESCRIPTION | |
| Extent (e.g. Volumes, Pages etc.) | viii, 168 p., |
| 650 ## - SUBJECT ADDED ENTRY--TOPICAL TERM | |
| Topical term or geographic name entry element | Feminism |
| 650 ## - SUBJECT ADDED ENTRY--TOPICAL TERM | |
| Topical term or geographic name entry element | Postcolonialism |
| 650 ## - SUBJECT ADDED ENTRY--TOPICAL TERM | |
| Topical term or geographic name entry element | Radicalism |
| 650 ## - SUBJECT ADDED ENTRY--TOPICAL TERM | |
| Topical term or geographic name entry element | History |
| 942 ## - Koha item type (Biblio) | |
| Koha item type | Books in Stacks (Lending) |
| Lost status | Damaged status | Collection code | Home library | Current library | Shelving location | Date acquired | Full call number | Accession Number | Item type |
|---|---|---|---|---|---|---|---|---|---|
| Lending | WERC Library | WERC Library | Social Science Cupboard | 03/31/2024 | 301.09 SPI | 3724 | Books in Stacks (Lending) |
